Retail rentings rankings unveiled (Record no. 73045)

MARC details
000 -LEADER
fixed length control field 00890cam a2200193 4500
001 - CONTROL NUMBER
control field WB3927-04
008 - FIXED-LENGTH DATA ELEMENTS--GENERAL INFORMATION
fixed length control field 030715n2003 000 0 eng u
035 ## - SYSTEM CONTROL NUMBER
System control number (Sirsi) u123009
245 ## - TITLE STATEMENT
Title Retail rentings rankings unveiled
260 ## - PUBLICATION, DISTRIBUTION, ETC.
Date of publication, distribution, etc. 2003
490 ## - SERIES STATEMENT
Series statement Donaldsons Press Release
Volume/sequential designation 15 July 2003 (1)
520 ## - SUMMARY, ETC.
Summary, etc. Donaldsons has published national rankings for rent growth in retail areas. The "Retail research spotlight" reveals that investors continue to increase their exposure to retail property at the expense of office investments, with southeast England dominant. The report can be downloaded from http://www.donaldsons.co.uk http://www.donaldsons.co.uk/rcs/Reef/65602/pressoffice_pub/index.xml
590 ## - LOCAL NOTE (RLIN)
Local note WB
650 ## - SUBJECT ADDED ENTRY--TOPICAL TERM
Topical term or geographic name entry element RETAIL RENTAL MARKET
650 ## - SUBJECT ADDED ENTRY--TOPICAL TERM
Topical term or geographic name entry element RETAIL WAREHOUSE SECTOR
650 ## - SUBJECT ADDED ENTRY--TOPICAL TERM
Topical term or geographic name entry element INVESTMENT MARKET
690 ## - LOCAL SUBJECT ADDED ENTRY--TOPICAL TERM (OCLC, RLIN)
Topical term or geographic name as entry element PROPERTY-COMMERCIAL PROPERTY
942 ## - ADDED ENTRY ELEMENTS (KOHA)
Suppress in OPAC 0
Holdings
Withdrawn status Lost status Source of classification or shelving scheme Damaged status Not for loan Home library Current library Shelving location Date acquired Total Checkouts Full call number Barcode Date last seen Copy number Price effective from Koha item type
    Dewey Decimal Classification     London London News article 15/07/2003   WB3927-04 123009-1001 06/08/2019 1 06/08/2019 News article